| 000 | 01755nam a22003494i 4500 | ||
|---|---|---|---|
| 999 |
_c46679 _d46679 |
||
| 001 | 20328 | ||
| 003 | CO-MdFUSB | ||
| 005 | 20180209161053.0 | ||
| 008 | 160901t1992 xxu||||g |||| 00| 0 eng d | ||
| 020 | _aVol. 1: 0-8006-2626-5 ; Vol. 2: 0-8006-2627-3 ; Vol. 3: 978-0-8006-9918-5 | ||
| 040 |
_aCO-MdFUSB _bspa _cCO-MdFUSB _dCO-MdFUSB _erda |
||
| 041 | _aeng | ||
| 082 |
_224 _a225.072 _bB163h |
||
| 100 | 1 |
_aBaird, William _dautor |
|
| 242 | 0 | 0 |
_aHistoria de la investigación del Nuevo Testamento _lInglés |
| 245 | 0 | 0 |
_aHistory of New Testament research _c/ William Baird _b: |
| 264 | 1 |
_aMinneapolis, Minnesota : _bFortress Press ; _c℗1992 |
|
| 300 |
_a3 volúmenes _b: _c24 cm. |
||
| 336 |
_2rdacontent _atexto _btxt |
||
| 337 |
_2rdamedia _asin mediación _bn |
||
| 338 |
_2rdacarrier _avolumen _bnc |
||
| 490 | _aHistory of New Testament Research | ||
| 501 | _aIncluye índices: Vol. 2 (p. 538- 565); Vol. 3 (p. 737- 775) | ||
| 504 | _aBiblografía: Vol. 2 (p. 478- 537); Vol. 3 (p. 697- 736) | ||
| 505 | 0 | 0 | _aVolumen 1: From Deism to Tübingen -- Los primeros avances en la investigación del Nuevo Testamento -- La investigación del Nuevo Testamento en una época de fermento filosófico |
| 505 | 0 | 0 | _aVolumen 2: From Jonathan Edwards to Rudolf Bultmann -- La investigación del Nuevo Testamento en la era de la expansión del imperio -- La investigación del Nuevo Testamento en la era del conflicto global |
| 505 | 0 | 0 | _aVolumen 3: From C. H. Dodd to Hans Dieter Betz -- El renacimiento de la crítica del Nuevo Testamento -- La reconsideración de los problemas críticos -- Movimientos teológicos y sintéticos |
| 563 | _aPasta dura | ||
| 630 | 0 | 7 |
_aBiblia. _pNuevo Testamento |
| 942 | _cBK | ||